Holiday Quiz

Random Holiday or Christmas Quiz

Sporcle Pursuit: Holiday Quiz Stats

 Plays Quiz not verified by Sporcle

Score 0/16 Timer 08:00
0 Plays Today
% Correct
Blue
70.7%
White
70.6%
Calvin Coolidge (born in 1872);
Thomas Jefferson & John Adams (died in 1826),
James Monroe (died in 1831)
69.8%
Egypt
64.4%
Death
62.8%
22 Mar to 25 Apr
58.7%
Ireland
53.3%
Forrest Mars Sr. and Bruce Murrie
51.8%
% Correct
General George Washington
50.9%
Philadelphia (1777)
49.3%
Samoa, Tonga, Kiribati (Christmas Island)
41.5%
Franklin D. Roosevelt (1939)
35.9%
Paques (French), Pascua (Spanish),
Pasqua (Italian), Pashke (Albanian),
& Pascha (Greek)
27.7%
Created on 7 Aug 1782,
Reinstated in 1932,
Retroactive on or after 5 Apr 1917
27.6%
Old Long Ago
19.3%
1789
15.9%

You're not logged in!

Compare scores with friends on all Sporcle quizzes.
OR
Log In

Show Comments

Extras

Top Quizzes Today


Score Distribution

Your Account Isn't Verified!

In order to create a playlist on Sporcle, you need to verify the email address you used during registration. Go to your Sporcle Settings to finish the process.

Report this User

Report this user for behavior that violates our Community Guidelines.

Details: